000 00887nam a22002295i 4500
001 160621
003 ES-MaACL
005 20230906212105.0
008 040930s1894 fr ac |||| | fre d
040 _aCAM
_bspa
_cCAM
100 1 _aNeu, Justin.
_9130445
245 1 0 _aAnnuaire de la finance
_b: banque, bourse et professions qui s'y rattachent /
_cpar Justin Neu.
260 _aParis :
_bSociété An\pme\s de l'Anuuaire de la Finance,
_c[s.a.]
300 _av. ;
_c22 cm.
505 8 _aAnnée 1894 (720 p., [1] h. lám.)
650 0 4 _aEconomía-
_zFrancia-
_y1894-
_9227295
650 0 4 _aFinanzas internacionales-
_y1894.
_9223372
655 7 _aAnuarios
_9226822
_2tgfbne
852 _aES-MaACL
_jC-3246
_z-- Enc. ed. en tela roja con hierros dorados : "A. Lenegre, relieur, Paris"
_z-- PP. de publicidad en hh. de guarda
942 _2udc
999 _c160621
_d160621